000 00500nam a2200169 4500
001 140425
003 ES-MaACL
005 20230906200056.0
007 t|
008 070214s1966 sp r ||||1| spa d
100 1 _aSchweitzer, Albert.
_9104897
245 1 0 _aDe mi vida y mi pensamiento /
_cAlbert Schweitzer ; traducción de Concha Aguirre.
260 _aBarcelona :
_bAymá,
_c1966.
300 _a192 p. ;
_c21 cm.
700 1 _aAguirre, Concha.
_918813
852 _aES-MaACL
_jC-30970
_bR.61341
999 _c140425
_d140425